00618nam a22001572 4500001001100000005001700011008004100028040001500069100003400084245023100118250001300349260003500362300001500397651004500412852000300457000000976820151217155844.0081127s xx 000 0 eng d aKABUcKABU1 aMolohan, M. J. B.@000016154710aDetribalization :ba study of the areas of Tanganyika where detribalized persons are living with recommendations as to the administrative and other measures required to meet the problems arising therein /cby M. J. B. Molohan. a1st ed. aArusha, Tanzania :bPC,c1957. avi, 94 p. 0aTanzaniaxSocial conditions.@00001615481